[Event "20. Obert Int. Sant Marti 2018 - B"]
[Site "Barcelona ESP"]
[Date "2018.07.18"]
[Round "6.7"]
[White "Palacios Pena, Gerardo"]
[Black "Saxena, Anshul"]
[Result "1/2-1/2"]
[WhiteElo "1905"]
[BlackElo "1647"]
[PlyCount "20"]
[EventDate "2018.07.13"]
[EventType "swiss"]
[EventRounds "9"]
[EventCountry "ESP"]
[SourceTitle "Ajedrez en Madrid"]
[Source "lmi"]
[SourceDate "2018.07.13"]
[SourceVersion "1"]
[SourceVersionDate "2019.06.21"]
[SourceQuality "1"]

1. d4 f5 2. Bf4 Nf6 3. e3 e6 4. Be2 Be7 5. h3 d5 6. Nf3 Nbd7 7. O-O O-O 8. c4
c6 9. Nc3 Ne4 10. Rc1 Kh8 1/2-1/2

[Event "20. Obert Int. Sant Marti 2018 - B"]
[Site "Barcelona ESP"]
[Date "2018.07.18"]
[Round "6.8"]
[White "Melnik, Alexander"]
[Black "Pascual Gonzalez-Novelles, Carles"]
[Result "1-0"]
[WhiteElo "1882"]
[BlackElo "1717"]
[PlyCount "53"]
[EventDate "2018.07.13"]
[EventType "swiss"]
[EventRounds "9"]
[EventCountry "ESP"]
[SourceTitle "Ajedrez en Madrid"]
[Source "lmi"]
[SourceDate "2018.07.13"]
[SourceVersion "1"]
[SourceVersionDate "2019.06.21"]
[SourceQuality "1"]

1. e4 e6 2. d4 d5 3. Nd2 c5 4. c3 Nc6 5. Ngf3 cxd4 6. cxd4 Bb4 7. e5 Nge7 8. a3
Ba5 9. b4 Bb6 10. Nb3 a6 11. Bd3 Bd7 12. O-O Ng6 13. Be3 Nce7 14. Nc5 Bxc5 15.
bxc5 b6 16. cxb6 Qxb6 17. h4 Nf5 18. h5 Nge7 19. g4 Nxe3 20. fxe3 Bb5 21. Ng5
Bxd3 22. Qxd3 f5 23. exf6 gxf6 24. Rxf6 Rg8 25. Rxe6 Qb8 26. Rxe7+ Kxe7 27.
Qxh7+ 1-0

[Event "20. Obert Int. Sant Marti 2018 - B"]
[Site "Barcelona ESP"]
[Date "2018.07.18"]
[Round "6.9"]
[White "Farre Buil, Carles"]
[Black "Planella Sanchez, Jordi"]
[Result "1/2-1/2"]
[WhiteElo "1855"]
[BlackElo "1945"]
[PlyCount "73"]
[EventDate "2018.07.13"]
[EventType "swiss"]
[EventRounds "9"]
[EventCountry "ESP"]
[SourceTitle "Ajedrez en Madrid"]
[Source "lmi"]
[SourceDate "2018.07.13"]
[SourceVersion "1"]
[SourceVersionDate "2019.06.21"]
[SourceQuality "1"]

1. e4 e6 2. d4 d5 3. Nd2 Nf6 4. e5 Nfd7 5. Bd3 b6 6. c3 c5 7. Ndf3 Be7 8. Ne2
Nc6 9. O-O a5 10. Re1 c4 11. Bc2 b5 12. b3 Nf8 13. bxc4 bxc4 14. a4 Ng6 15. g3
O-O 16. h4 f6 17. Bxg6 hxg6 18. exf6 gxf6 19. Nf4 Kf7 20. Qc2 Rg8 21. Bd2 Qd6
22. h5 g5 23. Ng6 Bd8 24. Kg2 Ne7 25. Nxe7 Bxe7 26. g4 Bd7 27. Bc1 Rab8 28. Ba3
Qf4 29. Nh2 Bxa3 30. Rxa3 Ke7 31. f3 Rh8 32. Nf1 Qd6 33. Raa1 Rb3 34. Ne3 Qb8
35. Nd1 Qb7 36. Qg6 Rf8 37. h6 1/2-1/2

[Event "20. Obert Int. Sant Marti 2018 - B"]
[Site "Barcelona ESP"]
[Date "2018.07.18"]
[Round "6.10"]
[White "Lopez Nadal, Alex"]
[Black "Zaiats, Vladimir"]
[Result "1-0"]
[WhiteElo "1794"]
[BlackElo "1943"]
[PlyCount "75"]
[EventDate "2018.07.13"]
[EventType "swiss"]
[EventRounds "9"]
[EventCountry "ESP"]
[SourceTitle "Ajedrez en Madrid"]
[Source "lmi"]
[SourceDate "2018.07.13"]
[SourceVersion "1"]
[SourceVersionDate "2019.06.21"]
[SourceQuality "1"]

1. d4 d5 2. Nf3 e6 3. e3 c5 4. Bd3 Nf6 5. O-O c4 6. Be2 Nc6 7. b3 cxb3 8. cxb3
Be7 9. Bb2 O-O 10. a3 Bd7 11. Nbd2 a5 12. Bd3 Be8 13. Ne5 g6 14. f4 Nd7 15. g4
f6 16. Nxd7 Qxd7 17. f5 Bf7 18. h4 Rae8 19. h5 g5 20. Qc2 Bd8 21. Rae1 e5 22.
Bb5 e4 23. Rc1 Qd6 24. Rf2 Qg3+ 25. Rg2 Qxe3+ 26. Kf1 Qf4+ 27. Ke2 Be7 28. Bxc6
Rc8 29. Qc3 Rxc6 30. Qxa5 Rxc1 31. Bxc1 Rc8 32. Bb2 e3 33. a4 Qe4 34. Nxe4 Rc2+
35. Kf3 dxe4+ 36. Kg3 Bd6+ 37. Kh3 Bc7 38. Qa8+ 1-0

[Event "20. Obert Int. Sant Marti 2018 - B"]
[Site "Barcelona ESP"]
[Date "2018.07.18"]
[Round "6.11"]
[White "Pera Muntasell, Marc"]
[Black "Garcia Clemente, Julian Fco."]
[Result "1-0"]
[WhiteElo "1920"]
[BlackElo "1828"]
[PlyCount "59"]
[EventDate "2018.07.13"]
[EventType "swiss"]
[EventRounds "9"]
[EventCountry "ESP"]
[SourceTitle "Ajedrez en Madrid"]
[Source "lmi"]
[SourceDate "2018.07.13"]
[SourceVersion "1"]
[SourceVersionDate "2019.06.21"]
[SourceQuality "1"]

1. e4 c5 2. Nf3 Nc6 3. d4 cxd4 4. Nxd4 g6 5. c4 Bg7 6. Be3 Nf6 7. Nc3 d6 8. Be2
O-O 9. O-O Nxd4 10. Bxd4 Bd7 11. h3 Bc6 12. Qc2 a5 13. Rad1 Nd7 14. Bxg7 Kxg7
15. Bg4 Ne5 16. c5 Nxg4 17. hxg4 Qc8 18. cxd6 exd6 19. f3 Qe6 20. Rd4 Rfd8 21.
Rfd1 Rd7 22. Qd2 Rad8 23. Nd5 Bxd5 24. Rxd5 b6 25. Qd4+ f6 26. g5 Kf7 27. gxf6
Rb8 28. Rxd6 Rxd6 29. Qxd6 Re8 30. Qc7+ 1-0

[Event "20. Obert Int. Sant Marti 2018 - B"]
[Site "Barcelona ESP"]
[Date "2018.07.18"]
[Round "6.12"]
[White "Morais Carreras, Javier"]
[Black "Madrid Sole, Antonio"]
[Result "1-0"]
[WhiteElo "1913"]
[BlackElo "1776"]
[PlyCount "73"]
[EventDate "2018.07.13"]
[EventType "swiss"]
[EventRounds "9"]
[EventCountry "ESP"]
[SourceTitle "Ajedrez en Madrid"]
[Source "lmi"]
[SourceDate "2018.07.13"]
[SourceVersion "1"]
[SourceVersionDate "2019.06.21"]
[SourceQuality "1"]

1. e4 e6 2. d3 d5 3. Nd2 c5 4. Ngf3 Nc6 5. g3 g6 6. Bg2 Bg7 7. O-O Nge7 8. Re1
O-O 9. c3 b5 10. e5 Bb7 11. d4 cxd4 12. cxd4 Rc8 13. Nb3 Qb6 14. Bg5 h6 15. Bf4
Rc7 16. Qd2 Kh7 17. Bf1 Rfc8 18. Bd3 Nb8 19. h4 Nd7 20. h5 b4 21. Kg2 Ba6 22.
Bb1 Qb5 23. Rh1 Qe2 24. hxg6+ Nxg6 25. Bxh6 Qxd2 26. Bxd2+ Kg8 27. Bxb4 Nb6 28.
Nc5 Be2 29. Bxg6 Bxf3+ 30. Kxf3 fxg6 31. Rac1 Nc4 32. b3 Nb6 33. Kg4 Rc6 34. f4
Nd7 35. Ba3 Nb6 36. Kg5 Kf7 37. Nb7 1-0

[Event "20. Obert Int. Sant Marti 2018 - B"]
[Site "Barcelona ESP"]
[Date "2018.07.18"]
[Round "6.14"]
[White "Franzoni Ladron De Guevara, Enric"]
[Black "Poyato Ruiz, Fernando"]
[Result "0-1"]
[WhiteElo "1760"]
[BlackElo "1894"]
[PlyCount "86"]
[EventDate "2018.07.13"]
[EventType "swiss"]
[EventRounds "9"]
[EventCountry "ESP"]
[SourceTitle "Ajedrez en Madrid"]
[Source "lmi"]
[SourceDate "2018.07.13"]
[SourceVersion "1"]
[SourceVersionDate "2019.06.21"]
[SourceQuality "1"]

1. e4 e6 2. d4 d5 3. Nc3 Nf6 4. e5 Nfd7 5. f4 c5 6. Nf3 Nc6 7. a3 a6 8. Be2 Be7
9. Be3 cxd4 10. Nxd4 Bh4+ 11. g3 Be7 12. Qd2 O-O 13. O-O Nxd4 14. Bxd4 f6 15.
Bg4 f5 16. Bf3 Nc5 17. b4 Ne4 18. Nxe4 dxe4 19. Be2 b5 20. c4 Bd7 21. Rfd1 Qb8
22. Qe3 Qb7 23. Rac1 Rfc8 24. Bb6 Be8 25. c5 Bc6 26. Rd4 Bd5 27. g4 g6 28. gxf5
gxf5 29. h3 Kh8 30. Kh2 Rg8 31. Rdd1 Rg7 32. Rg1 Rag8 33. Rxg7 Rxg7 34. Rg1 Bh4
35. Bd1 Qd7 36. Bb3 Bxb3 37. Rxg7 Kxg7 38. Qxb3 Qd2+ 39. Kh1 Qe1+ 40. Kg2 Qf2+
41. Kh1 Bg3 42. Qxg3+ Qxg3 43. c6 e3 0-1

[Event "20. Obert Int. Sant Marti 2018 - B"]
[Site "Barcelona ESP"]
[Date "2018.07.18"]
[Round "6.15"]
[White "Gorti, Atmika"]
[Black "Fernandez Egea, Andres"]
[Result "0-1"]
[WhiteElo "1712"]
[BlackElo "1876"]
[PlyCount "90"]
[EventDate "2018.07.13"]
[EventType "swiss"]
[EventRounds "9"]
[EventCountry "ESP"]
[SourceTitle "Ajedrez en Madrid"]
[Source "lmi"]
[SourceDate "2018.07.13"]
[SourceVersion "1"]
[SourceVersionDate "2019.06.21"]
[SourceQuality "1"]

1. e4 e5 2. Nf3 Nc6 3. Bb5 a6 4. Ba4 Nf6 5. d3 b5 6. Bb3 d6 7. c3 Bg4 8. O-O
Be7 9. Nbd2 O-O 10. Re1 Na5 11. Bc2 c5 12. Nf1 Nc6 13. Ng3 Qc7 14. h3 Bc8 15.
Qe2 Bb7 16. Nf5 Rfe8 17. Bg5 Nb8 18. Rad1 Nbd7 19. N3h4 Bf8 20. Bc1 Rac8 21.
Qe3 Kh8 22. f4 Ng8 23. Qg3 g6 24. Ne3 exf4 25. Qxf4 Ndf6 26. Ng4 Nh5 27. Qf2
Bg7 28. Bf4 Qe7 29. Bg3 b4 30. cxb4 cxb4 31. Bb3 Nxg3 32. Qxg3 Bxb2 33. Qf2 Bc3
34. Rf1 Rf8 35. Nf3 a5 36. Ne3 Nf6 37. Nc4 Rc5 38. Nd4 Nd7 39. Ne2 Bg7 40. d4
Rc7 41. Qf4 a4 42. Nxd6 axb3 43. Nxf7+ Rxf7 44. Qxc7 Qxe4 45. Nf4 Rxf4 0-1

[Event "20. Obert Int. Sant Marti 2018 - B"]
[Site "Barcelona ESP"]
[Date "2018.07.18"]
[Round "6.16"]
[White "Moncunill Calvet, Pol"]
[Black "Hovakimyan, Narek"]
[Result "1-0"]
[WhiteElo "1621"]
[BlackElo "1868"]
[PlyCount "112"]
[EventDate "2018.07.13"]
[EventType "swiss"]
[EventRounds "9"]
[EventCountry "ESP"]
[SourceTitle "Ajedrez en Madrid"]
[Source "lmi"]
[SourceDate "2018.07.13"]
[SourceVersion "1"]
[SourceVersionDate "2019.06.21"]
[SourceQuality "1"]

1. d4 Nf6 2. Bf4 e6 3. e3 b6 4. Nf3 Be7 5. Bd3 Bb7 6. Nbd2 Nh5 7. Bg3 Nxg3 8.
hxg3 g6 9. Qe2 O-O 10. e4 c5 11. O-O d5 12. c3 Nd7 13. e5 a5 14. a4 Qc8 15. Nh2
Ba6 16. f4 Bxd3 17. Qxd3 Qa6 18. Qe3 cxd4 19. cxd4 b5 20. b3 Rac8 21. g4 Bb4
22. f5 Rc3 23. Qh6 Rfc8 24. f6 Bf8 25. Qf4 Rd3 26. axb5 Qxb5 27. Rfc1 Rdc3 28.
Rf1 Qb6 29. Nhf3 Nb8 30. Ng5 h6 31. Ngf3 Nc6 32. Kh1 Rd3 33. Rfc1 Rb8 34. Rc5
Nxd4 35. Rcxa5 Nxf3 36. Nxf3 Rxb3 37. Ra6 Qf2 38. Rxe6 Rb1+ 39. Rxb1 Rxb1+ 40.
Kh2 fxe6 41. f7+ Kh7 42. Ng5+ hxg5 43. Qxf2 Rb4 44. Qf6 Rf4 45. Qxe6 Kg7 46.
Qxd5 Rxf7 47. e6 Rf4 48. Qxg5 Bd6 49. Kh3 Rf1 50. g3 Rf3 51. e7 Rxg3+ 52. Kh4
Kf7 53. e8=Q+ Kxe8 54. Qxg6+ Kd7 55. Qf5+ Ke7 56. g5 Rc3 1-0

[Event "20. Obert Int. Sant Marti 2018 - B"]
[Site "Barcelona ESP"]
[Date "2018.07.18"]
[Round "6.17"]
[White "Valarezzo Ricard, Pedro"]
[Black "Elizondo Marquet, Juan Marcos"]
[Result "0-1"]
[WhiteElo "1866"]
[BlackElo "1767"]
[PlyCount "105"]
[EventDate "2018.07.13"]
[EventType "swiss"]
[EventRounds "9"]
[EventCountry "ESP"]
[SourceTitle "Ajedrez en Madrid"]
[Source "lmi"]
[SourceDate "2018.07.13"]
[SourceVersion "1"]
[SourceVersionDate "2019.06.21"]
[SourceQuality "1"]

1. d4 d5 2. Bf4 c5 3. e3 Nc6 4. c3 Qb6 5. Qb3 c4 6. Qxb6 axb6 7. Nf3 Nf6 8. Be2
b5 9. O-O b4 10. Ne5 Bf5 11. Nxc6 bxc6 12. cxb4 e6 13. f3 Bxb4 14. a3 Kd7 15.
g4 Bc2 16. Rc1 Bb3 17. Nc3 Bd6 18. Bg5 h6 19. Bxf6 gxf6 20. Bd1 Bxd1 21. Rxd1
h5 22. Rd2 hxg4 23. fxg4 Rh3 24. Re1 Rah8 25. Ree2 R8h4 26. Rg2 Rxe3 27. Rde2
Rd3 28. g5 fxg5 29. Rxg5 Rdxd4 30. Rg7 Rdg4+ 31. Rg2 Bxh2+ 32. Kf1 Rxg2 33.
Rxg2 d4 34. Na4 d3 35. Ke1 Be5 36. Kd2 Bf4+ 37. Kc3 Be3 38. b4 d2 39. Kc2 Rh1
40. Rxd2+ Bxd2 41. Kxd2 Rh2+ 42. Kc3 Rh3+ 43. Kb2 Kd6 44. Nb6 c3+ 45. Kb3 Kc7
46. Nc4 f5 47. a4 f4 48. a5 Kb7 49. Nd6+ Ka6 50. Ne4 f3 51. Kc2 Rh2+ 52. Kxc3
f2 53. Nd2 0-1

[Event "20. Obert Int. Sant Marti 2018 - B"]
[Site "Barcelona ESP"]
[Date "2018.07.18"]
[Round "6.18"]
[White "Raghav, Bansal"]
[Black "Santos Ramos, Carlos"]
[Result "1-0"]
[WhiteElo "1541"]
[BlackElo "1866"]
[PlyCount "131"]
[EventDate "2018.07.13"]
[EventType "swiss"]
[EventRounds "9"]
[EventCountry "ESP"]
[SourceTitle "Ajedrez en Madrid"]
[Source "lmi"]
[SourceDate "2018.07.13"]
[SourceVersion "1"]
[SourceVersionDate "2019.06.21"]
[SourceQuality "1"]

1. d4 Nf6 2. Bf4 e6 3. e3 d5 4. Nf3 c5 5. c3 Nc6 6. Nbd2 cxd4 7. exd4 Bd6 8.
Bg3 Bxg3 9. hxg3 h6 10. Bd3 Qb6 11. Rb1 Bd7 12. Qe2 O-O 13. O-O Rae8 14. Ne5
Nxe5 15. dxe5 Nh7 16. Nf3 a6 17. Nd4 f5 18. exf6 Rxf6 19. f4 Bb5 20. Bxb5 axb5
21. Qxb5 Qxb5 22. Nxb5 Rg6 23. Rf3 Nf6 24. Nd6 Re7 25. Re1 Nh5 26. Kf2 Rd7 27.
f5 exf5 28. Nxf5 Rb6 29. Re2 Nf6 30. Rd3 Rf7 31. Ne7+ Kh7 32. Ke1 Rb5 33. b4
Ne4 34. a4 Nxc3 35. Rxc3 Rxb4 36. Nxd5 Rxa4 37. Rf3 Ra1+ 38. Kf2 Rd7 39. Rd2
Rd6 40. Rfd3 Ra8 41. Nf4 Rxd3 42. Rxd3 Rf8 43. Ke2 Re8+ 44. Kf3 Re7 45. Rb3 g5
46. Nd3 h5 47. Nc5 Kg6 48. Rb6+ Kf5 49. Rxb7 g4+ 50. Kf2 Re5 51. Nd3 Ra5 52.
Ke3 Kg5 53. Rc7 h4 54. Rc5+ Rxc5 55. Nxc5 h3 56. Ne4+ Kf5 57. gxh3 gxh3 58. Kf3
h2 59. Nf2 Kg5 60. Kg2 h1=Q+ 61. Nxh1 Kg4 62. Nf2+ Kg5 63. Kf3 Kh5 64. g4+ Kh4
65. Nh3 Kxh3 66. g5 1-0

[Event "20. Obert Int. Sant Marti 2018 - B"]
[Site "Barcelona ESP"]
[Date "2018.07.18"]
[Round "6.19"]
[White "Garcia Quevedo, Jose"]
[Black "Ishaan, Bansal"]
[Result "0-1"]
[WhiteElo "1864"]
[BlackElo "1759"]
[PlyCount "58"]
[EventDate "2018.07.13"]
[EventType "swiss"]
[EventRounds "9"]
[EventCountry "ESP"]
[SourceTitle "Ajedrez en Madrid"]
[Source "lmi"]
[SourceDate "2018.07.13"]
[SourceVersion "1"]
[SourceVersionDate "2019.06.21"]
[SourceQuality "1"]

1. d4 d5 2. c4 e6 3. Nc3 Nf6 4. cxd5 exd5 5. Bg5 Be7 6. e3 c6 7. Bd3 Nbd7 8.
Qc2 h6 9. Bh4 Nh5 10. Bxe7 Qxe7 11. Nge2 Nb6 12. O-O O-O 13. Rfe1 Be6 14. b3
Rad8 15. Rad1 Rfe8 16. Qc1 Nf6 17. f3 Bc8 18. e4 dxe4 19. fxe4 Bg4 20. Bb1 Qb4
21. Qf4 Bh5 22. Qf2 Bxe2 23. Nxe2 Nxe4 24. Qh4 Nf6 25. Qf2 Nbd5 26. Bc2 Ne3 27.
Rc1 Nxc2 28. Rxc2 Ng4 29. Qg3 Re3 0-1

[Event "20. Obert Int. Sant Marti 2018 - B"]
[Site "Barcelona ESP"]
[Date "2018.07.18"]
[Round "6.21"]
[White "Martinez Escribano, Jose Angel"]
[Black "Caro Martinez, Ramon"]
[Result "1-0"]
[WhiteElo "1930"]
[BlackElo "1741"]
[PlyCount "101"]
[EventDate "2018.07.13"]
[EventType "swiss"]
[EventRounds "9"]
[EventCountry "ESP"]
[SourceTitle "Ajedrez en Madrid"]
[Source "lmi"]
[SourceDate "2018.07.13"]
[SourceVersion "1"]
[SourceVersionDate "2019.06.21"]
[SourceQuality "1"]

1. e4 d6 2. d4 Nf6 3. Nc3 g6 4. Nf3 Bg7 5. h3 O-O 6. Bf4 a6 7. a4 Nbd7 8. Qd2
e5 9. dxe5 dxe5 10. Be3 Qe7 11. Bc4 Nc5 12. Nd5 Nxd5 13. Bxd5 Ne6 14. O-O Rd8
15. Qc3 Nf4 16. Bc4 Be6 17. Rfe1 Bxc4 18. Qxc4 g5 19. Nh2 h5 20. Rad1 Rxd1 21.
Rxd1 Rd8 22. Re1 b6 23. Nf1 a5 24. Ng3 h4 25. Nf5 Qb4 26. Qxb4 axb4 27. Ne7+
Kh7 28. Nc6 Ra8 29. b3 b5 30. axb5 Bf8 31. Ba7 Ne6 32. Rd1 Rxa7 33. Nxa7 Nd4
34. Rd2 Bc5 35. Nc6 f6 36. Nxd4 exd4 37. Kf1 Kg7 38. Ke2 Kf7 39. Kd3 Ke6 40.
Rd1 Ke5 41. Ra1 f5 42. exf5 Kxf5 43. Ra8 Kf6 44. Rg8 Be7 45. Kxd4 Kf7 46. Rc8
Bd6 47. Kd5 Ke7 48. Kc6 Be5 49. Rxc7+ Kd8 50. Rd7+ Kc8 51. b6 1-0

[Event "20. Obert Int. Sant Marti 2018 - B"]
[Site "Barcelona ESP"]
[Date "2018.07.18"]
[Round "6.22"]
[White "Lozano Ruiz, David"]
[Black "Brufau Devesa, Eduard"]
[Result "1/2-1/2"]
[WhiteElo "1869"]
[BlackElo "1714"]
[PlyCount "32"]
[EventDate "2018.07.13"]
[EventType "swiss"]
[EventRounds "9"]
[EventCountry "ESP"]
[SourceTitle "Ajedrez en Madrid"]
[Source "lmi"]
[SourceDate "2018.07.13"]
[SourceVersion "1"]
[SourceVersionDate "2019.06.21"]
[SourceQuality "1"]

1. e4 e5 2. Nf3 Nf6 3. Bc4 Nc6 4. d4 exd4 5. O-O Be7 6. e5 Ne4 7. c3 d5 8. exd6
Nxd6 9. Bb3 dxc3 10. Nxc3 O-O 11. Nd5 Bg4 12. h3 Bh5 13. g4 Bg6 14. Bf4 Re8 15.
Nxe7+ Qxe7 16. Ba4 Qf6 1/2-1/2

[Event "20. Obert Int. Sant Marti 2018 - B"]
[Site "Barcelona ESP"]
[Date "2018.07.18"]
[Round "6.23"]
[White "Vives Cabau, Jordi"]
[Black "Low, Ethan"]
[Result "0-1"]
[WhiteElo "1859"]
[BlackElo "1741"]
[PlyCount "98"]
[EventDate "2018.07.13"]
[EventType "swiss"]
[EventRounds "9"]
[EventCountry "ESP"]
[SourceTitle "Ajedrez en Madrid"]
[Source "lmi"]
[SourceDate "2018.07.13"]
[SourceVersion "1"]
[SourceVersionDate "2019.06.21"]
[SourceQuality "1"]

1. f4 d5 2. e3 c5 3. Nf3 a6 4. a4 Nc6 5. b3 e6 6. Bb2 f6 7. g3 Nh6 8. Bh3 Be7
9. O-O O-O 10. d3 Nf7 11. Nbd2 e5 12. Bxc8 Rxc8 13. fxe5 fxe5 14. e4 d4 15. Bc1
Bf6 16. Ba3 Na7 17. Qe2 Qc7 18. Kg2 Rfd8 19. Rf2 Nd6 20. Raf1 b5 21. g4 Qe7 22.
Bc1 h6 23. Nb1 bxa4 24. bxa4 c4 25. Ba3 Qe6 26. Kg3 Nf7 27. Nh4 Bxh4+ 28. Kxh4
Rd7 29. Rf5 Rcc7 30. Kg3 Nc8 31. h4 Ncd6 32. R5f3 Rd8 33. Qf2 Rcc8 34. Bc1 cxd3
35. cxd3 Qb3 36. Nd2 Qxa4 37. Rxf7 Nxf7 38. Qxf7+ Kh8 39. Nf3 Rf8 40. Qd5 Qb5
41. Qxb5 axb5 42. Ba3 Rf6 43. g5 Re6 44. Bb4 Rc2 45. Rb1 Kh7 46. Ne1 Re2 47.
Kf3 Re3+ 48. Kg4 g6 49. Ra1 h5# 0-1

[Event "20. Obert Int. Sant Marti 2018 - B"]
[Site "Barcelona ESP"]
[Date "2018.07.18"]
[Round "6.24"]
[White "Morales Rubiella, Albert"]
[Black "Torres Ribe, Ricard"]
[Result "0-1"]
[WhiteElo "1396"]
[BlackElo "1593"]
[PlyCount "58"]
[EventDate "2018.07.13"]
[EventType "swiss"]
[EventRounds "9"]
[EventCountry "ESP"]
[SourceTitle "Ajedrez en Madrid"]
[Source "lmi"]
[SourceDate "2018.07.13"]
[SourceVersion "1"]
[SourceVersionDate "2019.06.21"]
[SourceQuality "1"]

1. e4 c5 2. Nf3 d6 3. d4 cxd4 4. Nxd4 Nf6 5. Nc3 a6 6. Be2 e5 7. Nf3 Be7 8. Be3
Qc7 9. Nd5 Nxd5 10. exd5 Nd7 11. O-O O-O 12. Ng5 Nf6 13. f3 b5 14. Ne4 Bb7 15.
Nxf6+ Bxf6 16. a4 b4 17. a5 Rfc8 18. Bd3 g6 19. Be4 Bg7 20. g4 Qe7 21. Qd3 Rf8
22. c4 bxc3 23. bxc3 Bc8 24. Qc2 f5 25. gxf5 Bxf5 26. Bxf5 Rxf5 27. f4 exf4 28.
Bxf4 Rxf4 29. Rxf4 Qg5+ 0-1

[Event "20. Obert Int. Sant Marti 2018 - B"]
[Site "Barcelona ESP"]
[Date "2018.07.18"]
[Round "6.25"]
[White "Fungueirino Pique, Daniel"]
[Black "Gonzalez Lafita, Oscar"]
[Result "0-1"]
[WhiteElo "1740"]
[BlackElo "1849"]
[PlyCount "86"]
[EventDate "2018.07.13"]
[EventType "swiss"]
[EventRounds "9"]
[EventCountry "ESP"]
[SourceTitle "Ajedrez en Madrid"]
[Source "lmi"]
[SourceDate "2018.07.13"]
[SourceVersion "1"]
[SourceVersionDate "2019.06.21"]
[SourceQuality "1"]

1. d4 d5 2. Nf3 Bf5 3. e3 Nf6 4. Bd3 Bxd3 5. Qxd3 g6 6. Qb5+ Nbd7 7. Ne5 b6 8.
O-O Bg7 9. Nd2 O-O 10. Ndf3 Nxe5 11. Nxe5 Ne4 12. Qd3 c5 13. b3 Qc7 14. Bb2
Rac8 15. c4 cxd4 16. exd4 Nf6 17. Rac1 Qd6 18. c5 bxc5 19. dxc5 Qc7 20. b4 e6
21. a4 Ne4 22. f4 Qe7 23. Ba3 Bxe5 24. fxe5 Qg5 25. b5 Nd2 26. c6 Nxf1 27. Qxf1
Qe3+ 28. Kh1 Qxa3 29. Ra1 Qb4 30. Qd1 a6 31. Rb1 Qa5 32. Qc2 Qb6 33. a5 Qxa5
34. b6 Rb8 35. b7 Qc7 36. Qa4 a5 37. Qb5 Rfe8 38. Ra1 Re7 39. Qa6 Qxe5 40. Qxa5
Rc7 41. Rc1 Qb2 42. Rg1 Rxc6 43. Qa7 Qxb7 0-1

[Event "20. Obert Int. Sant Marti 2018 - B"]
[Site "Barcelona ESP"]
[Date "2018.07.18"]
[Round "6.27"]
[White "Volart Buil, Jordi"]
[Black "Colom Andres, Xavier"]
[Result "0-1"]
[WhiteElo "1715"]
[BlackElo "1838"]
[PlyCount "88"]
[EventDate "2018.07.13"]
[EventType "swiss"]
[EventRounds "9"]
[EventCountry "ESP"]
[SourceTitle "Ajedrez en Madrid"]
[Source "lmi"]
[SourceDate "2018.07.13"]
[SourceVersion "1"]
[SourceVersionDate "2019.06.21"]
[SourceQuality "1"]

1. d4 d5 2. c4 dxc4 3. Nc3 a6 4. a4 e5 5. dxe5 Qxd1+ 6. Kxd1 Nc6 7. Nd5 Kd8 8.
Bf4 Be6 9. e4 Na5 10. Rc1 b5 11. axb5 axb5 12. Ra1 Bc5 13. Be2 Bb6 14. b4 cxb3
15. Bxb5 Ne7 16. Bg5 Bc5 17. Ne2 b2 18. Rb1 c6 19. Nxe7 Bxe7 20. Bxe7+ Kxe7 21.
Bd3 Rhd8 22. Kc2 Nc4 23. Bxc4 Bxc4 24. Rbe1 Rab8 25. Nf4 Ba2 26. Re3 b1=Q+ 27.
Rxb1 Bxb1+ 28. Kc3 Ba2 29. Kc2 Rb5 30. Ne2 Rxe5 31. f4 Ra5 32. Rc3 c5 33. f5 g6
34. g4 gxf5 35. gxf5 f6 36. Nc1 Bf7 37. h4 Rd4 38. Nd3 Rxe4 39. Nxc5 Rxh4 40.
Re3+ Kf8 41. Nd7+ Kg7 42. Rg3+ Kh6 43. Nxf6 Rh2+ 44. Kb1 Rh1+ 0-1

[Event "20. Obert Int. Sant Marti 2018 - B"]
[Site "Barcelona ESP"]
[Date "2018.07.18"]
[Round "6.28"]
[White "Gallego Montes, Antoni"]
[Black "Carrasco Cortada, Juan"]
[Result "1-0"]
[WhiteElo "1837"]
[BlackElo "1649"]
[PlyCount "43"]
[EventDate "2018.07.13"]
[EventType "swiss"]
[EventRounds "9"]
[EventCountry "ESP"]
[SourceTitle "Ajedrez en Madrid"]
[Source "lmi"]
[SourceDate "2018.07.13"]
[SourceVersion "1"]
[SourceVersionDate "2019.06.21"]
[SourceQuality "1"]

1. d4 d5 2. e4 dxe4 3. Nc3 Nf6 4. f3 exf3 5. Nxf3 Bg4 6. h3 Bxf3 7. Qxf3 c6 8.
Be3 e6 9. Bd3 Nbd7 10. O-O Qc7 11. Ne4 O-O-O 12. Bf4 Qb6 13. Ng5 Qxd4+ 14. Be3
Qxe3+ 15. Qxe3 Bc5 16. Qxc5 Nxc5 17. Nxf7 Nxd3 18. cxd3 Rhf8 19. Nxd8 Rxd8 20.
Rae1 Rd6 21. Re5 Kd7 22. Rg5 1-0

[Event "20. Obert Int. Sant Marti 2018 - B"]
[Site "Barcelona ESP"]
[Date "2018.07.18"]
[Round "6.29"]
[White "Minko, Olga"]
[Black "Caballero Ortin, Jorge"]
[Result "1-0"]
[WhiteElo "1822"]
[BlackElo "1628"]
[PlyCount "63"]
[EventDate "2018.07.13"]
[EventType "swiss"]
[EventRounds "9"]
[EventCountry "ESP"]
[SourceTitle "Ajedrez en Madrid"]
[Source "lmi"]
[SourceDate "2018.07.13"]
[SourceVersion "1"]
[SourceVersionDate "2019.06.21"]
[SourceQuality "1"]

1. e4 c5 2. Nf3 d6 3. d4 cxd4 4. Nxd4 Nf6 5. Nc3 a6 6. Bg5 e6 7. Qd2 Be7 8. f3
O-O 9. O-O-O Nc6 10. Kb1 Qa5 11. h4 Nxd4 12. Qxd4 h6 13. Be3 b5 14. g4 Nh7 15.
Bd2 Bf6 16. Qf2 b4 17. Ne2 Qe5 18. Bc1 Qc5 19. Be3 Qa5 20. g5 Bxb2 21. Kxb2 e5
22. Nc1 Be6 23. Nb3 Qa3+ 24. Kb1 a5 25. gxh6 g6 26. h5 a4 27. Bc1 Qxa2+ 28.
Kxa2 axb3+ 29. Kb1 bxc2+ 30. Qxc2 b3 31. Qg2 d5 32. hxg6 1-0

[Event "20. Obert Int. Sant Marti 2018 - B"]
[Site "Barcelona ESP"]
[Date "2018.07.18"]
[Round "6.30"]
[White "Castro Estrella, Joan Gabriel"]
[Black "Julia Yebra, David"]
[Result "1-0"]
[WhiteElo "1712"]
[BlackElo "1808"]
[PlyCount "67"]
[EventDate "2018.07.13"]
[EventType "swiss"]
[EventRounds "9"]
[EventCountry "ESP"]
[SourceTitle "Ajedrez en Madrid"]
[Source "lmi"]
[SourceDate "2018.07.13"]
[SourceVersion "1"]
[SourceVersionDate "2019.06.21"]
[SourceQuality "1"]

1. c4 e5 2. g3 Nf6 3. Bg2 d6 4. Nf3 g6 5. Nc3 Bg7 6. O-O O-O 7. Rb1 a5 8. d3 c6
9. Qc2 Qc7 10. d4 Nbd7 11. dxe5 dxe5 12. b3 Nc5 13. e4 Ncxe4 14. Nxe4 Nxe4 15.
Nxe5 Nxg3 16. hxg3 Bxe5 17. Bh6 Bg7 18. Bxg7 Kxg7 19. Qb2+ Kg8 20. a3 Bf5 21.
Rbc1 Rad8 22. b4 axb4 23. axb4 b6 24. c5 b5 25. Rfd1 Bd3 26. Qf6 Bc4 27. Bxc6
Rxd1+ 28. Rxd1 Qc8 29. Bd7 Qc7 30. Qd6 Qxd6 31. Rxd6 Ra8 32. c6 Ra1+ 33. Kh2
Be2 34. c7 1-0